<?xml version="1.0" encoding="UTF-8"?>
<record
    xmlns:xsi="http://www.w3.org/2001/XMLSchema-instance"
    xsi:schemaLocation="http://www.loc.gov/MARC21/slim http://www.loc.gov/standards/marcxml/schema/MARC21slim.xsd"
    xmlns="http://www.loc.gov/MARC21/slim">

  <leader>01070nam a22002297a 4500</leader>
  <controlfield tag="001">9307</controlfield>
  <controlfield tag="003">FISKH</controlfield>
  <controlfield tag="005">20251218081525.0</controlfield>
  <controlfield tag="008">251209b        cb ||||| |||| 00| 0 eng d</controlfield>
  <datafield tag="040" ind1=" " ind2=" ">
    <subfield code="a">FISKH</subfield>
    <subfield code="b">eng</subfield>
    <subfield code="c">FISKH</subfield>
    <subfield code="d">FISKH</subfield>
  </datafield>
  <datafield tag="082" ind1=" " ind2=" ">
    <subfield code="a">823.91</subfield>
  </datafield>
  <datafield tag="100" ind1=" " ind2=" ">
    <subfield code="a">Williams-Ellis, Amabel </subfield>
  </datafield>
  <datafield tag="245" ind1=" " ind2=" ">
    <subfield code="a">Fairy tales from near and far /</subfield>
    <subfield code="c">Amabel Williams-Ellis</subfield>
  </datafield>
  <datafield tag="260" ind1=" " ind2=" ">
    <subfield code="a">London : </subfield>
    <subfield code="b">Blackie, </subfield>
    <subfield code="c">1977. </subfield>
  </datafield>
  <datafield tag="300" ind1=" " ind2=" ">
    <subfield code="a">128 pages : </subfield>
    <subfield code="b">color illustrations ; </subfield>
    <subfield code="c">22 cm</subfield>
  </datafield>
  <datafield tag="520" ind1=" " ind2=" ">
    <subfield code="a">A collection of traditional fairy tales retold by Amabel Williams-Ellis, featuring stories from different countries and cultures. Each tale presents classic themes of magic, adventure, kindness, and courage, offering readers a glimpse into folklore from around the world. The anthology brings together both familiar and less-known stories, written in clear, engaging language suitable for young readers.</subfield>
  </datafield>
  <datafield tag="650" ind1=" " ind2=" ">
    <subfield code="a">Fairy tales  </subfield>
    <subfield code="v">Adventure  </subfield>
  </datafield>
  <datafield tag="650" ind1=" " ind2=" ">
    <subfield code="a">World tales</subfield>
    <subfield code="v">Moral stories  </subfield>
    <subfield code="x">Folklore  </subfield>
  </datafield>
  <datafield tag="650" ind1=" " ind2=" ">
    <subfield code="a">Short stories  </subfield>
    <subfield code="v">Traditional tales</subfield>
  </datafield>
  <datafield tag="942" ind1=" " ind2=" ">
    <subfield code="2">ddc</subfield>
    <subfield code="c">BK</subfield>
    <subfield code="n">0</subfield>
  </datafield>
  <datafield tag="999" ind1=" " ind2=" ">
    <subfield code="c">9307</subfield>
    <subfield code="d">9307</subfield>
  </datafield>
  <datafield tag="952" ind1=" " ind2=" ">
    <subfield code="0">0</subfield>
    <subfield code="1">0</subfield>
    <subfield code="2">ddc</subfield>
    <subfield code="4">0</subfield>
    <subfield code="7">0</subfield>
    <subfield code="8">REF</subfield>
    <subfield code="a">002</subfield>
    <subfield code="b">002</subfield>
    <subfield code="c">LSHTTP</subfield>
    <subfield code="d">2025-12-09</subfield>
    <subfield code="l">0</subfield>
    <subfield code="o">WIL 823.91 PZ7 </subfield>
    <subfield code="p">2025-5098</subfield>
    <subfield code="r">2025-12-09 16:08:45</subfield>
    <subfield code="t">1</subfield>
    <subfield code="w">2025-12-09</subfield>
    <subfield code="y">BK</subfield>
  </datafield>
</record>
